Villanyvilágitásunk
Správa o tom, že večer 27.11.1907 prebehla skúška elektrického osvetlenia Humenného oblúkovými žiarovkami (yatia2 len pouli4n0ho osvetlenia). Osvetlenie je silnejšie, ako v Michalovciach. Gróf Alexander (Sándor) Andrássy vykonal v utorok 26.11.1907 kontrolu elektrárne. Hlavným inžinierom je elektrár...
| Médium: | Článok |
|---|---|
| Jazyk: | Hungarian |
| Témy: | |
| Zdroj: |
1. Homonna és Vidéke : Vegyes tartalmu közmüvelődési, szépirodalmi és közgazdasági hetilap 1. Roč. 7, č. 48 (28.11.1907) s. 2 |
| LEADER | 01144nab#a2200301#ar4500 | ||
|---|---|---|---|
| 001 | 000073533 | ||
| 003 | SVKKK | ||
| 005 | 19970929xxxxxxx. | ||
| 008 | 06 c xo huno | ||
| FMT | |||
| 038 | |a SVKKK | ||
| 040 | |a SVKKK |b slo |e AACR2 | ||
| 041 | 0 | |a hun | |
| 044 | |a xo |c SK | ||
| 080 | |a 621.31 | ||
| 242 | 1 | 0 | |a Naše elektrické osvetlenie |
| 245 | 0 | 0 | |a Villanyvilágitásunk |
| 500 | |a mikrofilm | ||
| 520 | 2 | |a Správa o tom, že večer 27.11.1907 prebehla skúška elektrického osvetlenia Humenného oblúkovými žiarovkami (yatia2 len pouli4n0ho osvetlenia). Osvetlenie je silnejšie, ako v Michalovciach. Gróf Alexander (Sándor) Andrássy vykonal v utorok 26.11.1907 kontrolu elektrárne. Hlavným inžinierom je elektrárne je p.Rimanóczy. | |
| 650 | 0 | 4 | |a osvetlenie elektrické - prevádzka skúšobná - Humenné - 27.11.1907 - správy |
| 773 | 0 | |t Homonna és Vidéke : Vegyes tartalmu közmüvelődési, szépirodalmi és közgazdasági hetilap |g Roč. 7, č. 48 (28.11.1907) s. 2 | |
| 957 | |a Humenné | ||
| 958 | |a DG | ||
| 958 | |a SK | ||
| 974 | |a Ba |d 19970929 | ||
| 992 | |a RBX | ||
| BAS | |||
| 998 | |a RETRO | ||